| 000 | 00433nam a2200157Ia 4500 | ||
|---|---|---|---|
| 008 | 210210b1999 xxu||||| |||| 00| 0 eng d | ||
| 020 | _a0 521 56648 7 | ||
| 082 | _a070.41 BUTC | ||
| 100 | _aBUTCHER (Judith). | ||
| 245 | _aCopy editing: the cambridge handbook for editors, authors and publishers. | ||
| 250 | _a | ||
| 260 |
_aCambridge _bUniversity press _c1999 |
||
| 300 | _aviii,471 | ||
| 690 | _aJournalism | ||
| 906 | _a055023 | ||
| 999 |
_c102507 _d102507 |
||